Introduction to computer science (Record no. 4965)

MARC details
000 -LEADER
fixed length control field 00500nam a2200157Ia 4500
003 - CONTROL NUMBER IDENTIFIER
control field SGT
020 ## - INTERNATIONAL STANDARD BOOK NUMBER
International Standard Book Number 9788131704363
082 ## - DEWEY DECIMAL CLASSIFICATION NUMBER
Classification number 4
Item number ITL
100 ## - MAIN ENTRY--PERSONAL NAME
Personal name It Education Solutions Ltd.
245 ## - TITLE STATEMENT
Title Introduction to computer science
260 ## - PUBLICATION, DISTRIBUTION, ETC. (IMPRINT)
Name of publisher, distributor, etc Pearson
Place of publication, distribution, etc N.Delhi
Year of Publication 2008
300 ## - PAGE DESCRIPTION
No. of Pages 496p.
650 ## - SUBJECT ADDED ENTRY--TOPICAL TERM
Topical term or geographic name as entry element COMPUTER SCIENCE
653 ## - KEYWORDS--INDEX TERM
Keyword term INTRODUCTION TO COMPUTERS,NUMBER SYSTEMS AND LOGIC GATES,COMPUTER ARCHITECTURE,PRIMARY MEMORY SECONDARY STORAGE INPUT DEVICES COMPUTER LANGUAGES
942 ## - ADDED ENTRY ELEMENTS (KOHA)
Source of classification or shelving scheme Dewey Decimal Classification
Koha item type Books
942 ## - ADDED ENTRY ELEMENTS (KOHA)
-- 36
Holdings
Withdrawn status Lost status Source of classification or shelving scheme Damaged status Use restrictions Not for loan Collection code Home library Current library Shelving location Date acquired SGTU Total Checkouts Full call number Accession No. (Barcode) Date last seen Date last borrowed Bill Date Koha item type Total Renewals
    Dewey Decimal Classification   Restricted Access Not For Loan ENGINEERING SGT Engineering Library SGT Engineering Library Reference Book 28/04/2010 SGTU 9 4 ITL FE1984 16/07/2024 01/07/2024 09/02/2015 Books  
    Dewey Decimal Classification         SGT Engineering Library SGT Engineering Library   28/04/2010 SGTU 11 4 ITL FE1985 10/06/2025 10/06/2025 09/02/2015 Books  
    Dewey Decimal Classification         SGT Engineering Library SGT Engineering Library   28/04/2010 SGTU 12 4 ITL FE2017 15/12/2025 01/12/2025 09/02/2015 Books  
    Dewey Decimal Classification         SGT Engineering Library SGT Engineering Library   28/04/2010 SGTU 12 4 ITL FE2018 18/11/2025 27/10/2025 09/02/2015 Books 3
    Dewey Decimal Classification         SGT Engineering Library SGT Engineering Library   28/04/2010 SGTU 7 4 ITL FE2019 06/02/2025 03/02/2025 09/02/2015 Books